[Event "Fagernes op-B"]
[Site "Fagernes"]
[Date "2023.04.09"]
[Round "9"]
[White "Lahlum, Ida"]
[Black "Odden, Jan Ove"]
[Result "1/2-1/2"]
[WhiteElo "1628"]
[BlackElo "1551"]
[PlyCount "82"]
[EventDate "2023.04.02"]
[EventType "swiss"]
[EventRounds "9"]
[EventCountry "NOR"]
[SourceTitle "CBM 213 Extra"]
[Source "ChessBase"]
[SourceDate "2023.05.31"]
[SourceVersion "1"]
[SourceVersionDate "2023.05.31"]
[SourceQuality "1"]

1. d4 d5 2. c4 c6 3. Nf3 dxc4 4. e3 b5 5. a4 Bf5 6. axb5 cxb5 7. b3 Nf6 8. bxc4 bxc4 9. Bxc4 Nbd7 10. 0-0 Nb6 11. Bb5+ Bd7 12. Nc3 e6 13. Qd3 Be7 14. Ba3 0-0 15. Bxd7 Nfxd7 16. Bxe7 Qxe7 17. Ra2 Nd5 18. Nxd5 exd5 19. Rfa1 Nb6 20. Ne5 Rfc8 21. Rc2 f6 22. Nc6 Qd7 23. Rac1 Nc4 24. Nb4 Nb6 25. Na6 Rxc2 26. Rxc2 Rc8 27. Nc5 Qc7 28. Qb3 Kh8 29. h3 f5 30. Qd3 g6 31. Ra2 Nc4 32. Ra6 Nd6 33. Qa3 Ne4 34. Rxa7 Qd6 35. Ra6 Qf8 36. Qa2 Nxc5 37. dxc5 Qxc5 38. Qa1+ Qc3 39. Qxc3+ Rxc3 40. Ra5 Rc1+ 41. Kh2 Rd1 1/2-1/2

[Event "NOR-ch Class2"]
[Site "Lillehammer"]
[Date "2013.06.29"]
[Round "4"]
[White "Lahlum, Ida"]
[Black "Gulliksen, Tomm"]
[Result "1-0"]
[WhiteElo "1505"]
[BlackElo "1490"]
[PlyCount "129"]
[EventDate "2013.06.29"]
[EventType "swiss"]
[EventRounds "9"]
[EventCountry "NOR"]
[SourceTitle "EXT 2017"]
[Source "ChessBase"]
[SourceDate "2016.10.25"]
[SourceVersion "1"]
[SourceVersionDate "2016.10.25"]
[SourceQuality "1"]

1. d4 Nf6 2. c4 e6 3. Nc3 c5 4. e3 a6 5. Nf3 d5 6. Be2 Bd6 7. 0-0 0-0 8. b3 Nc6 9. Bb2 Ne7 10. Rc1 cxd4 11. Nxd4 Bd7 12. cxd5 Nexd5 13. Nxd5 Nxd5 14. e4 Qh4 15. g3 Qxe4 16. Bd3 Qe5 17. Re1 Qg5 18. Re4 Nf4 19. Nf3 Qg4 20. Kh1 Nxd3 21. Qxd3 Qf5 22. Rd4 Qxd3 23. Rxd3 Bxg3 24. hxg3 Bc6 25. Kg1 f6 26. Rcd1 g5 27. Nd4 Bd5 28. Rc3 Kf7 29. Rc7+ Kg6 30. Rdc1 e5 31. Ne2 Bf3 32. Kf1 Rad8 33. Ba3 Rfe8 34. Bb4 h5 35. Ke1 h4 36. gxh4 Rh8 37. Rd1 gxh4 38. Rxd8 Rxd8 39. Rc3 e4 40. Rc1 h3 41. Nf4+ Kf5 42. Nxh3 Kg4 43. Ng1 Bg2 44. Be7 Re8 45. Bxf6 e3 46. fxe3 Rxe3+ 47. Kf2 Re6 48. Bb2 Bc6 49. Ne2 Rd6 50. Rc4+ Kh5 51. Nd4 Bd5 52. Rc5 Kg6 53. Ne2 Kf7 54. Rc7+ Ke8 55. Nf4 Bxb3 56. axb3 Rd2+ 57. Ke3 Rxb2 58. Rxb7 a5 59. Nd3 Ra2 60. Nc5 Ra3 61. Kd2 Kd8 62. Kc2 Ra2+ 63. Kc3 Kc8 64. Rb5 Kc7 65. Na4 1-0

[Event "Gausdal op-B"]
[Site "Gausdal"]
[Date "2008.04.11"]
[Round "4"]
[White "Lahlum, Ida"]
[Black "Lie, Terje"]
[Result "1/2-1/2"]
[WhiteElo "1831"]
[BlackElo "1743"]
[PlyCount "122"]
[EventDate "2008.04.08"]
[EventType "swiss"]
[EventRounds "9"]
[EventCountry "NOR"]
[SourceTitle "CBM 123 Extra"]
[Source "ChessBase"]
[SourceDate "2008.05.06"]
[SourceVersion "1"]
[SourceVersionDate "2008.05.06"]
[SourceQuality "1"]

1. d4 Nf6 2. c4 b6 3. Nf3 Bb7 4. Nc3 e6 5. e3 Ne4 6. Qc2 Bb4 7. Bd3 f5 8. a3 Bxc3+ 9. bxc3 Ng5 10. Nxg5 Qxg5 11. Rg1 Qe7 12. e4 g6 13. Bf4 d6 14. Kd1 fxe4 15. Bxe4 Nc6 16. Re1 0-0-0 17. d5 Na5 18. dxe6 Nxc4 19. Bxb7+ Kxb7 20. Qb3 Ne5 21. Kc2 Rhe8 22. Rad1 Qxe6 23. Qxe6 Rxe6 24. Bxe5 Rde8 25. f4 dxe5 26. fxe5 Rxe5 27. Rxe5 Rxe5 28. Rd2 a5 29. Kb3 b5 30. a4 Kb6 31. g3 g5 32. Rd7 h5 33. Rd4 g4 34. Rd2 c6 35. axb5 cxb5 36. Rf2 a4+ 37. Kb4 Re4+ 38. Ka3 Rc4 39. Kb2 a3+ 40. Kb3 Ka5 41. Ra2 Kb6 42. Rxa3 Kc5 43. Ra8 Re4 44. Rc8+ Kd5 45. Rd8+ Kc6 46. Rc8+ Kd6 47. Rd8+ Kc5 48. Rc8+ Kb6 49. Rb8+ Ka6 50. Ra8+ Kb7 51. Rh8 Re5 52. Rh6 Kc7 53. Kb4 Kb7 54. Rh7+ Kc6 55. Rh6+ Kc7 56. Rh7+ Kd6 57. Rh6+ Kc7 58. Rh7+ Kb6 59. Rh6+ Kb7 60. Rh7+ Ka6 61. Rh6+ Kb7 1/2-1/2

[Event "Molde"]
[Site "Molde"]
[Date "2004.07.08"]
[Round "7"]
[White "Reppen, Tore"]
[Black "Lahlum, Ida"]
[Result "0-1"]
[WhiteElo "1515"]
[BlackElo "1590"]
[PlyCount "42"]
[EventDate "2004.07.03"]
[EventType "swiss"]
[EventRounds "8"]
[EventCountry "NOR"]
[SourceTitle "EXT 2008"]
[Source "ChessBase"]
[SourceDate "2007.11.25"]
[SourceVersion "1"]
[SourceVersionDate "2007.11.25"]
[SourceQuality "1"]

1. d4 Nf6 2. c4 c5 3. e3 cxd4 4. exd4 d5 5. Nc3 e6 6. c5 Nc6 7. Bb5 Bd7 8. Nf3 Be7 9. 0-0 0-0 10. Re1 Rc8 11. a3 Na5 12. Bd3 Bc6 13. Ne5 Nd7 14. Qh5 g6 15. Nxg6 fxg6 16. Bxg6 Nf6 17. Qh6 hxg6 18. Qxg6+ Kh8 19. Re3 Nh7 20. Rh3 Bh4 21. g3 Qf6 0-1

[Event "Gausdal Classics-C"]
[Site "Gausdal"]
[Date "2003.04.09"]
[Round "9"]
[White "Bue, Gunnar"]
[Black "Lahlum, Ida"]
[Result "1-0"]
[WhiteElo "1960"]
[BlackElo "1909"]
[PlyCount "63"]
[EventDate "2003.04.03"]
[EventType "tourn"]
[EventRounds "11"]
[EventCountry "NOR"]
[SourceTitle "EXT 2005"]
[Source "ChessBase"]
[SourceDate "2004.11.15"]
[SourceVersion "1"]
[SourceVersionDate "2004.11.15"]
[SourceQuality "1"]

1. d4 d5 2. c4 dxc4 3. e3 Nf6 4. Bxc4 e6 5. Nf3 c5 6. 0-0 a6 7. Nc3 b5 8. Bb3 Bb7 9. Qe2 Nc6 10. Rd1 cxd4 11. exd4 Nb4 12. a4 Nbd5 13. axb5 a5 14. Ne5 Bb4 15. Nxd5 Nxd5 16. Nc6 Bxc6 17. bxc6 0-0 18. Be3 Qd6 19. Bxd5 Qxd5 20. Rdc1 Rfc8 21. Qc4 Qd8 22. Rc2 Bd6 23. g3 Bc7 24. Rd1 Rcb8 25. d5 Rb4 26. Qa2 Rb5 27. Rcd2 exd5 28. Rxd5 Rxd5 29. Rxd5 Qf6 30. Rd7 Be5 31. Qd5 Bxb2 32. c7 1-0

[Event "Gausdal Classics-C"]
[Site "Gausdal"]
[Date "2003.04.08"]
[Round "7"]
[White "Pedersen, Oyvind"]
[Black "Lahlum, Ida"]
[Result "1-0"]
[WhiteElo "2064"]
[BlackElo "1909"]
[PlyCount "89"]
[EventDate "2003.04.03"]
[EventType "tourn"]
[EventRounds "11"]
[EventCountry "NOR"]
[SourceTitle "EXT 2005"]
[Source "ChessBase"]
[SourceDate "2004.11.15"]
[SourceVersion "1"]
[SourceVersionDate "2004.11.15"]
[SourceQuality "1"]

1. e4 c6 2. c4 d5 3. cxd5 cxd5 4. exd5 Qxd5 5. d4 Nc6 6. Nf3 e6 7. Nc3 Qd8 8. Bd3 Nf6 9. 0-0 Be7 10. Be3 0-0 11. Rc1 Nb4 12. Bb1 Nbd5 13. Qd3 h6 14. Ne5 Nb4 15. Qd2 Nc6 16. Nxc6 bxc6 17. Ne4 Ng4 18. Rxc6 Bb7 19. Rcc1 f5 20. Nc5 Bd5 21. h3 Nxe3 22. Qxe3 Qd6 23. Nd3 f4 24. Qe5 f3 25. Qxd6 Bxd6 26. g3 g5 27. Ne5 Kg7 28. b3 Rg8 29. Rc3 Raf8 30. Bd3 h5 31. Bc4 Rc8 32. Nxf3 Bb4 33. Re3 Bxc4 34. bxc4 g4 35. Ne5 Kf6 36. Rb1 Bd2 37. Rd3 Bh6 38. Rb7 Rg7 39. Rxg7 Bxg7 40. hxg4 Kg5 41. gxh5 Kxh5 42. Ra3 Rc7 43. Ra5 Kg5 44. Nc6+ Kg4 45. Kg2 1-0

[Event "Gausdal Classics-C"]
[Site "Gausdal"]
[Date "2003.04.07"]
[Round "6"]
[White "Lahlum, Ida"]
[Black "Svensen, Tarjei Joten"]
[Result "0-1"]
[WhiteElo "1909"]
[BlackElo "2094"]
[PlyCount "86"]
[EventDate "2003.04.03"]
[EventType "tourn"]
[EventRounds "11"]
[EventCountry "NOR"]
[SourceTitle "EXT 2005"]
[Source "ChessBase"]
[SourceDate "2004.11.15"]
[SourceVersion "1"]
[SourceVersionDate "2004.11.15"]
[SourceQuality "1"]

1. d4 e6 2. c4 Nf6 3. Nc3 d5 4. Bg5 Nbd7 5. Nf3 Be7 6. e3 0-0 7. Qc2 c5 8. cxd5 exd5 9. Be2 b6 10. 0-0 Bb7 11. Rfd1 c4 12. Ne5 a6 13. a4 Qc7 14. Nxd7 Qxd7 15. b3 b5 16. Bf3 b4 17. Ne2 Rac8 18. Bxf6 Bxf6 19. Rdc1 a5 20. g3 g6 21. Nf4 Rc7 22. Qd1 Bg5 23. Rc2 Rfc8 24. Rac1 Bxf4 25. gxf4 Bc6 26. Ra2 cxb3 27. Qxb3 Bb7 28. Rac2 Rc4 29. Be2 Qc6 30. Bd3 Ba6 31. Bxc4 dxc4 32. Qb1 c3 33. Rd1 Qd5 34. Qc1 Bb7 35. f3 Qxf3 36. Rf1 Qh1+ 37. Kf2 Qxh2+ 38. Ke1 Qg3+ 39. Rcf2 Re8 40. Kd1 Rxe3 41. Qc2 Be4 42. Qa2 Rd3+ 43. Ke1 Bf3 0-1

[Event "Gausdal Classics-C"]
[Site "Gausdal"]
[Date "2003.04.04"]
[Round "2"]
[White "Johansson, Per"]
[Black "Lahlum, Ida"]
[Result "1-0"]
[WhiteElo "2020"]
[BlackElo "1909"]
[PlyCount "89"]
[EventDate "2003.04.03"]
[EventType "tourn"]
[EventRounds "11"]
[EventCountry "NOR"]
[SourceTitle "EXT 2005"]
[Source "ChessBase"]
[SourceDate "2004.11.15"]
[SourceVersion "1"]
[SourceVersionDate "2004.11.15"]
[SourceQuality "1"]

1. d4 d5 2. Nf3 e6 3. c4 Nf6 4. g3 dxc4 5. Qa4+ Bd7 6. Qxc4 Bc6 7. Bg2 Bd5 8. Qc2 Be4 9. Qb3 Bd5 10. Qd1 Ne4 11. 0-0 c5 12. Be3 Be7 13. dxc5 Na6 14. Qa4+ Bc6 15. Qc2 Nexc5 16. Rd1 Qc7 17. Nc3 0-0 18. Bf4 Qb6 19. Bd6 Nb4 20. Qb1 Ncd3 21. exd3 Bxd6 22. d4 Rfd8 23. a3 Nd5 24. Ng5 g6 25. Nxd5 Bxd5 26. Bxd5 exd5 27. Qd3 Bf8 28. Nf3 Bg7 29. b4 Re8 30. Re1 Re6 31. Rxe6 Qxe6 32. Re1 Qd7 33. Qe3 Kf8 34. Ne5 Bxe5 35. Qxe5 Kg8 36. h4 f5 37. Qe7 Rd8 38. h5 a6 39. hxg6 hxg6 40. Qg5 Qd6 41. Re7 b5 42. Qh4 Kf8 43. Ra7 Ke8 44. Qh8+ Qf8 45. Qe5+ 1-0

[Event "Tromsoesjakken-A"]
[Site "Tromsoe"]
[Date "2002.11.03"]
[Round "7"]
[White "Lahlum, Ida"]
[Black "Royset, Pal"]
[Result "0-1"]
[WhiteElo "1421"]
[BlackElo "2202"]
[PlyCount "48"]
[EventDate "2002.??.??"]
[EventType "swiss"]
[EventRounds "7"]
[EventCountry "NOR"]
[SourceTitle "EXT 2007"]
[Source "ChessBase"]
[SourceDate "2006.11.23"]
[SourceVersion "1"]
[SourceVersionDate "2006.11.23"]
[SourceQuality "1"]

1. d4 Nf6 2. c4 e6 3. Nc3 Bb4 4. Qc2 0-0 5. Nf3 c5 6. dxc5 Na6 7. Bg5 Nxc5 8. Nd2 h6 9. Bxf6 Qxf6 10. Rc1 b6 11. Nde4 Nxe4 12. Qxe4 Ba6 13. a3 Bxc3+ 14. Rxc3 d5 15. cxd5 exd5 16. Qc2 d4 17. Rc7 Rfe8 18. Kd1 Qxf2 19. e4 Qxc2+ 20. Kxc2 Rac8 21. Rxc8 Rxc8+ 22. Kd2 d3 23. b4 Rc2+ 24. Kd1 Ra2 0-1